000 00743nam a2200217Ia 4500
003 CO-CtgCURN
005 20250409210216.0
008 190724s9999 xx 000 0 und d
020 _a9789583008276
040 _aCO-CtgCURN
_bspa
_ccoctgcurn
082 _a370.115
_bC331c
100 _aCarvajal, Guillermo
245 0 _aComo formar un democrata sin corromperlo :
_bcartas a Andres /
_cGuillermo Carvajal
260 _aBogotá, Colombia :
_bPanamericana Editorial,
_c2002
300 _a678 páginas ;
_c22 centímetros
521 _aAREA SOCIOHUMANISTICA
590 _aPrograma de Derecho_18
650 _aeducación
942 _cBK
_h370.115
_iC331c
999 _c29957
_d29957